| 000 | 00607nam a2200229Ia 4500 | ||
|---|---|---|---|
| 008 | 160803s9999 xx 000 0 und d | ||
| 020 | _a0 590433679 | ||
| 100 | _aDorros, Arthur | ||
| 245 | _aAnimal tracks / | ||
| 245 | _cwritten and illustrated by Arthur Dorros. | ||
| 260 | _aNew York : | ||
| 260 | _bScholastic Inc. | ||
| 260 | _c1991 | ||
| 300 | _a1 volume (unpaged) : | ||
| 300 | _bcolor illustrations ; | ||
| 300 | _c21 x 26 cm | ||
| 440 | _aReady-to-go classroom library., | ||
| 440 | _vGrade 1 | ||
| 650 | _aAnimal tracks -- | ||
| 650 | _xJuvenile literature. | ||
| 700 | _a540 | ||
| 999 |
_c299016 _d299016 |
||